Kuşadası (Record no. 1413)

MARC details
000 -BAŞLIK
Sabit Uzunlukta Kontrol Alanı 00618na a2200205 4500
001 - KONTROL NUMARASI
Denetim Alanı 16710
003 - KONTROL NUMARASI IDENTIFIER
Denetim Alanı MIRAKIL
005 - SON İŞLEM TARİHİ VE ZAMANI
Denetim Alanı 20181213154822.0
008 - SABİT-BOY VERİ ELEMANLARI - GENEL BİLGİLER
Sabit Uzunlukta Kontrol Alanı 161013b tu 000 0
040 ## - KATALOGLAMA KAYNAK
Orijinal Kataloglama Ajansı Milas
Kataloglama Dili tur
Metne Dönüştürmek Ajansı TR-AnCHP
041 ## - DİL KODU
Metin / Ses Parça Veya Ayrı Başlığın Dil Kodu tur
-- eng
082 ## - DEWEY ONLU SINIFLANDIRMA NUMARASI
Sınıflandırma Numarası 915.621316
Ürün Numarası K87 2014
090 ## - SINIFLAMA NUMARASI
Sınıflama Numarası 915.621316 K87 2014
245 ## - BAŞLIK TABLOSU
Başlık Kuşadası
Sorumluluk Tablosu, Vb Kuşadası Eğitim ve Geliştirme Vakfı
260 ## - YAYIN, DAĞITIM, VB
Yayın, Dağıtım, Vb Yeri Aydın
Yayıncı, Dağıtıcı, Vs Adı Kuşadası Eğitim ve Geliştirme Vakfı
Yayın, Dağıtım, Vb Tarihi 2014
300 ## - FİZİKSEL TANIM
Kapsam 177 s.
Diğer Fiziksel Ayrıntıları fotg.
Boyutlar 27x31 sm.
651 ## - KONU KATMA GİRİŞ - COĞRAFİ ADI
Coğrafi İsim Kuşadası (Aydın)
Genel Alt Bölümü Gezi ve tanıtım
651 ## - KONU KATMA GİRİŞ - COĞRAFİ ADI
Coğrafi İsim Aydın
Genel Alt Bölümü Fotoğraflar
Coğrafi Alt Bölümü Kuşadası
942 ## - EKLENDİ GİRİŞ ELEMANLARI (KOHA)
Sınıflandırma Veya Raf Düzeni Kaynak Dewey Decimal Classification
Koha Öğesi Türü Books
999 ## - SİSTEM KONTROL NUMARALARI (KOHA)
Koha Biblionumber 1413
Koha Biblioitemnumber 1413
Holdings
Kalıcı Konum Mevcut Konum Edinme Tarihi Edinim Kaynak Toplam Check-Out'Lar Tam Çağrı Numarası Barkod Tarih Son Görülme İtibaren Geçerli Fiyatlar Koha Öğesi Türü
CHP Kütüphanesi CHP Kütüphanesi 10/10/2016 Bağış   915.621316 K87 2014 006836 10/10/2016 10/10/2016 Books